000 00735nam a22001457a 4500
999 _c526133
_d526133
008 240510b ||||| |||| 00| 0 eng d
100 _aMahato, Anupama
_952311
245 _aImpact of climate change on plant photosynthesis and productivity: Threats and opportunities
260 _aProductivity
300 _a64(4), Jan-Mar, 2024: p.419-429
520 _aIn this era of global climate change, land degradation and biodiversity loss have had significant impact on photosynthesis and productivity of the plant kingdom. The forestry and agricultural sectors also emit greenhouse gases such as Ch N.O etc, which contribute to global warming. – Reproduced
773 _aProductivity
906 _aCLIMATE CHANGE
942 _cAR